000 00369nam a22001337a 4500
020 _a9780199568321
040 _cNUST
082 _a363.73874
_bPEA
100 _aSTEPHEN PEAKE AND JOE SMITH
_990674
245 _aClimate change
_bfrom science to sustainability
260 _anew york
_boxford university press
_c2009
300 _a291
942 _2ddc
_cBK
_k363.73874 PEA
999 _c588866
_d588866